[Event "St Eufemia d'Aspromonte op-B 4th"]
[Site "St Eufemia d'Aspromonte"]
[Date "2011.01.06"]
[Round "8"]
[White "Minucci, Veronica"]
[Black "Laurendi, Angela"]
[Result "1-0"]
[WhiteElo "1377"]
[BlackElo "1344"]
[PlyCount "105"]
[EventDate "2011.01.02"]
[EventType "swiss"]
[EventRounds "8"]
[EventCountry "ITA"]
[SourceTitle "EXT 2013"]
[Source "ChessBase"]
[SourceDate "2012.11.22"]
[SourceVersion "1"]
[SourceVersionDate "2012.11.22"]
[SourceQuality "1"]

1. e4 e5 2. Nf3 Nc6 3. c4 Nf6 4. d3 Bb4+ 5. Nc3 Bxc3+ 6. bxc3 0-0 7. Be2 h6 8. 0-0 d6 9. Qc2 Bg4 10. Rd1 d5 11. cxd5 Bxf3 12. Bxf3 Na5 13. Ba3 Re8 14. Bb4 c6 15. Qa4 b6 16. dxc6 Rc8 17. Bxa5 bxa5 18. Rab1 Re6 19. Rb7 Rexc6 20. Rxa7 Rxc3 21. Rxa5 Rxd3 22. Be2 Rd4 23. Rxd4 Qxd4 24. Qxd4 exd4 25. h3 Nxe4 26. Bd3 Rc5 27. Ra8+ Kh7 28. Bxe4+ g6 29. g4 Re5 30. f3 Kg7 31. Ra4 f5 32. Ra7+ Kf6 33. gxf5 gxf5 34. Ra6+ Kg5 35. Bc2 Re1+ 36. Kf2 Rc1 37. Bd3 Rd1 38. Ra3 Rd2+ 39. Ke1 Rh2 40. Bf1 Kf4 41. Rd3 Ke5 42. a4 Ra2 43. f4+ Ke4 44. Rd2 Rxd2 45. Kxd2 Kxf4 46. a5 Kg3 47. a6 f4 48. a7 Kf2 49. a8Q Kxf1 50. Qf3+ Kg1 51. Ke1 d3 52. Qf2+ Kh1 53. Kf1 1-0